Low intensity operations / (Record no. 193896)
[ view plain ]
| 000 -LEADER | |
|---|---|
| fixed length control field | 00496 a2200157 4500 |
| 003 - CONTROL NUMBER IDENTIFIER | |
| control field | NUST |
| 005 - DATE AND TIME OF LATEST TRANSACTION | |
| control field | 20221228141020.0 |
| 040 ## - CATALOGING SOURCE | |
| Transcribing agency | Nust |
| 082 ## - DEWEY DECIMAL CLASSIFICATION NUMBER | |
| Classification number | 355.4,KIT |
| 100 ## - MAIN ENTRY--PERSONAL NAME | |
| Personal name | Kitson, Frank |
| 9 (RLIN) | 37927 |
| 245 ## - TITLE STATEMENT | |
| Title | Low intensity operations / |
| Statement of responsibility, etc. | Frank Kitson |
| 260 ## - PUBLICATION, DISTRIBUTION, ETC. | |
| Place of publication, distribution, etc. | London |
| Name of publisher, distributor, etc. | Faber and faber |
| Date of publication, distribution, etc. | 1971 |
| 300 ## - PHYSICAL DESCRIPTION | |
| Extent | vii,208,p.; |
| 505 ## - FORMATTED CONTENTS NOTE | |
| Formatted contents note | Part-1:- Trends and Background (Page-21), Part-2:- The Army Contribution (Page-67), Part-3:- Preparation Required (Page-165). |
| 942 ## - ADDED ENTRY ELEMENTS (KOHA) | |
| Source of classification or shelving scheme | |
| Koha item type | Book |
| Call number prefix | 355.4,KIT |
| Withdrawn status | Lost status | Source of classification or shelving scheme | Damaged status | Not for loan | Permanent Location | Current Location | Shelving location | Date acquired | Full call number | Barcode | Date last seen | Price effective from | Koha item type | Public note |
|---|---|---|---|---|---|---|---|---|---|---|---|---|---|---|
| Military College of Signals (MCS) | Military College of Signals (MCS) | General Stacks | 12/12/2016 | 355.4,KIT | MCS21903 | 12/08/2016 | 12/12/2016 | Book | Almirah No.53, Shelf No.3 |
